| 000 | 01305nam a22003257a 4500 | ||
|---|---|---|---|
| 005 | 20240305165521.0 | ||
| 007 | cr|||| |||| | ||
| 008 | 190517s2019 mx |||||s|||| 00||0 spa d | ||
| 020 | _a978-607-629-344-7 | ||
| 035 | _a23379 | ||
| 040 | _avLex | ||
| 090 |
_c8740 _d8740 |
||
| 245 | 0 | 0 |
_aProntuario Mercantil 2019 _h[Recurso electrónico] / |
| 250 | _aNovena edición | ||
| 256 | _aServicio en línea | ||
| 260 |
_aCiudad de México: _bTax Editores, _c2019 |
||
| 300 | _a1 recurso electrónico | ||
| 500 | _a1163 páginas. | ||
| 506 | 1 |
_aDisponible solo en los productos indicados _dvLex Global _dvLex Global (Academic Edition, excluding Law Schools) _dvLex Global (U.S. Academic Edition, Law Schools) _dvLex Global (U.S. Academic Edition, excluding Law Schools) _dvLex Global (Academic Edition, Law Schools) |
|
| 650 | 0 | 4 |
_aSociedades _zMéxico |
| 650 | 0 | 4 |
_aDerecho de la Competencia _zMéxico |
| 650 | 0 | 4 |
_aObligaciones de las empresas _zMéxico |
| 650 | 0 | 4 |
_aDerecho Cambiario y Bursátil _zMéxico |
| 650 | 0 | 4 |
_aContratos Mercantiles _zMéxico |
| 650 | 0 | 4 |
_aCódigo de Comercio y Registro Mercantil _zMéxico |
| 650 | 0 | 4 |
_aComercio _zMéxico |
| 740 | 0 | _avLex Libros (Servicio en línea) | |
| 856 | 4 | 0 | _uhttps://app.vlex.com/#/sources/prontuario-mercantil-2019-23379 |
| 942 | _cRAA | ||
| 999 |
_c166977 _d166977 |
||